| 000 -CABECERA |
| Longitud fija campo de control |
01678nam a2200289 i 4500 |
| 001 - NÚMERO DE CONTROL |
| Número de control |
991060891976506706 |
| 003 - IDENTIFICADOR DEL NÚMERO DE CONTROL |
| Identificador del número de control |
OSt |
| 005 - FECHA Y HORA DE LA ÚLTIMA TRANSACCIÓN |
| Fecha y hora de la última transacción |
20230912122821.0 |
| 008 - CÓDIGOS DE INFORMACIÓN DE LONGITUD FIJA |
| Códigos de información de longitud fija |
221212s2022 spcag|| |||| 0|0 mdcat d |
| 017 ## - NÚMERO DE COPYRIGHT O DE DEPÓSITO LEGAL |
| Número de copyright o de depósito legal |
DL GI 1403-2022 |
| Agencia que asigna el número |
Biblioteca de Catalunya |
| 020 ## - NÚMERO INTERNACIONAL NORMALIZADO PARA LIBROS |
| Número Internacional Normalizado para Libros (ISBN) |
9788409444052 |
| 040 ## - FUENTE DE LA CATALOGACIÓN |
| Centro catalogador de origen |
ES-BaBC |
| Lengua de catalogación |
cat |
| Normas de descripción |
rda |
| Centro transcriptor |
CDMR |
| 080 ## - NÚMERO DE LA CLASIFICACIÓN DECIMAL UNIVERSAL |
| Número de la Clasificación Decimal Universal |
821.134.1-1 |
| Subdivisión auxiliar común |
"19" |
| Identificador de la edición |
2004 |
| 080 ## - NÚMERO DE LA CLASIFICACIÓN DECIMAL UNIVERSAL |
| Número de la Clasificación Decimal Universal |
821.134.1Canyà, Llucieta.07 |
| Identificador de la edición |
2004 |
| 080 ## - NÚMERO DE LA CLASIFICACIÓN DECIMAL UNIVERSAL |
| Número de la Clasificación Decimal Universal |
141.72 |
| Identificador de la edición |
2004 |
| 245 00 - MENCIÓN DE TÍTULO |
| Título |
Llucieta Canyà, l'etern oblit : |
| Resto del título |
una escriptora en un món d'homes |
| 264 #1 - PRODUCCIÓN, PUBLICACIÓN , DISTRIBUCIÓN, FABRICACIÓN Y COPYRIGHT |
| Lugar de producción, publicación, distribución, fabricación |
La Bisbal d'Empordà : |
| Nombre del productor, editor, distribuidor, fabricante |
Associació Indilletres, |
| Fecha de de producción, publicación, distribución, fabricación o copyright |
2022 |
| 300 ## - DESCRIPCIÓN FÍSICA |
| Extensión |
293 pàgines : |
| Otras características físicas |
il·lustracions, música ; |
| Dimensiones |
24 cm |
| 504 ## - NOTA DE BIBLIOGRAFÍA, ETC |
| Nota de bibliografía, etc. |
Inclou referències bibliogràfiques |
| 505 8# - NOTA DE CONTENIDO CON FORMATO |
| Nota de contenido con formato |
Conté: Una cambra on poder escriure / de Xavier Cortadellas -- Converses : parlant amb Llucieta Canyà / de Mercè Rodoreda -- Siluetes femenines / de Llucieta Canyà -- Petit diccionari de L'etern masculí / de Llucieta Canyà -- Tres poemes inédits / de Llucieta Canyà -- Partitures de dos poemes inédits de Llucieta Canyà / d'Emili Saló -- La clau de les victòries / de Judit Pujadó -- Llucieta Canyà, feminista i conservadora / de Xavier Cortadellas -- L'autoajuda segons la Llucieta Canyà / de Vicenç Pagès -- Llucieta Canyà, la feminista tèbia / Maria Àngels Cabré -- Llucieta Canyà, redactora de La veu de Catalunya / de Neus Real -- "Mon femení": selecció de cent articles de Llucieta Canyà |
| 600 17 - PUNTO DE ACCESO ADICIONAL DE MATERIA - NOMBRE DE PERSONA |
| Nombre de persona |
Canyà, Llucieta, |
| Fechas asociadas al nombre |
1907-1980 |
| Subdivisión de materia general (R ) |
Crítica i interpretació |
| Fuente de encabezamiento o te&ecute,rmino |
lemac |
| 650 #0 - PUNTO DE ACCESO ADICIONAL DE MATERIA - TÉRMINO DE MATERIA |
| Término de materia o nombre geográfico como elemento inicial |
Dones periodistes |
| 9 (RLIN) |
2913 |
| Subdivisión geográfica |
Catalunya |
| 710 2# - PUNTO DE ACCESO ADICIONAL - NOMBRE DE ENTIDAD |
| Nombre de entidad o nombre de jurisdicción como elemento inicial |
Associació Indilletres. |
| 908 ## - CONTROL DE PARÁMETROS (RLIN) |
| Parametro de comando lanzado |
UAB |
| -- |
BC |
| 940 ## - |
| T&íacute;tulo uniforme |
<a href="BC">BC</a> |
| 942 ## - ENTRADA DE ELEMENTOS AGREGADOS (KOHA) |
| Fuente de clasificaión o esquema |
|
| Koha [por defecto] tipo de item |
Monografies |